Práctica general forense (Record no. 161113)

MARC details
000 -LEADER
campo de control de longitud fija 00878nam a22002055i 4500
001 - NÚMERO DE CONTROL
campo de control 161113
003 - IDENTIFICADOR DE NÚMERO DE CONTROL
campo de control ES-MaACL
005 - FECHA Y HORA DE LA ÚLTIMA TRANSACCIÓN
campo de control 20250930063141.0
008 - DATOS DE LONGITUD FIJA--INFORMACIÓN GENERAL
campo de control de longitud fija 990524s1878 sp |||| | spa d
040 ## - FUENTE DE CATALOGACIÓN
Centro catalogador/agencia de origen CCPB | B
Lengua de catalogación spa
Centro/agencia transcriptor CCPB | B
100 1# - ENTRADA PRINCIPAL--NOMBRE DE PERSONA
Nombre de persona Ortiz de Zúñiga, Manuel,
Fechas asociadas al nombre 1806-1874?
9 (RLIN) 87610
245 10 - MENCIÓN DEL TÍTULO
Título Práctica general forense
Resto del título : tratado que comprende la constitución y atribuciones de todos los tribunales y los procedimientos judiciales /
Mención de responsabilidad, etc. por Manuel Ortíz de Zúñiga ; corregida y arreglada a la nueva legislación por Carlos de Sanjuan y Bouvier.
250 ## - MENCION DE EDICION
Mención de edición 8ª ed.
260 ## - PUBLICACIÓN, DISTRIBUCIÓN, ETC.
Lugar de publicación, distribución, etc. Madrid :
Nombre del editor, distribuidor, etc. [s.n.],
Fecha de publicación, distribución, etc. 1878 (
Fabricante Imprenta de José Rodríguez)
300 ## - DESCRIPCIÓN FÍSICA
Extensión 2 v. ;
Dimensiones 21 cm.
650 04 - PUNTO DE ACCESO ADICIONAL DE MATERIA--TÉRMINO DE MATERIA
Término de materia o nombre geográfico como elemento de entrada Derecho procesal-
Subdivisión geográfica España.
9 (RLIN) 11762
700 1# - ENTRADA AGREGADA--NOMBRE PERSONAL
Nombre de persona Sanjuan y Bouvier, Carlos.
9 (RLIN) 132414
852 ## - LOCALIZACIÓN
Ubicación ES-MaACL
Número de control de estantería G-14373-74
Nota libre -- Enc. hol.
Holdings
Estatus retirado Estado de pérdida Estado de daño No para préstamo Colección Biblioteca de origen Biblioteca actual Ubicación en estantería Fecha de adquisición Total de préstamos Signatura topográfica completa Código de barras Visto por última vez Precio de reemplazo Tipo de ítem Koha
        Libros del s. XIX Biblioteca del Ateneo de Madrid Biblioteca del Ateneo de Madrid Sala Pecera Planta 3 17/01/2008   G-14373-74 1168751 23/02/2023 23/02/2023 Libro impreso antiguo